000 00853nam a2200217 a 4500
005 20210219160402.0
008 081028s2000 mx r 000 0 spa d
020 _a9688011339
035 _aUPN01000164513
049 _aUNE
080 _a002: 67/68: 340.13 (4) HOG.
100 1 _aHogrebe, Edmundo
245 1 0 _aLegislación y reglamentación referente al impacto de las nuevas tecnologías dela información en Europa: los casos de Noruega, Suecia, Francia y Alemania Federal/ Edmundo Hogrebe.
260 _aMéxico : SEP, 1982.
300 _a27 p.
440 0 _aProspectiva tecnología al año 2000
690 _aInformacion- Tecnologia- Legislacion- Europa
710 2 _aGEFE. Grupo de Estudios sobre el Financiamiento de la Educación (México)
710 2 _aInstituto Latinoamericano de la Comunicación Educativa.
905 _aUNESCO
999 _c136625
_d136625